[Event "Online Olym Div3 E 2020"]
[Site "chess.com INT"]
[Date "2020.07.09"]
[Round "8.2"]
[Board "6"]
[White "Kaslan, Catherine"]
[Black "Mellado Reyes, Rebeca"]
[Result "0-1"]
[WhiteTitle "WFM"]
[BlackTitle "WCM"]
[WhiteElo "1872"]
[BlackElo "1750"]
[WhiteTeam "Suriname"]
[BlackTeam "Mexico"]
[WhiteFideId "8201390"]
[BlackFideId "5132711"]
[EventDate "2020.07.07"]
[EventType "team"]

1. e4 e6 2. d4 d5 3. Nd2 dxe4 4. Nxe4 Nd7 5. Nf3 Ngf6 6. Ng3 b6 7. Bb5 Bb7 8.
O-O a6 9. Bd3 Be7 10. c3 O-O 11. Qc2 Re8 12. Ne5 c5 13. Be3 Rc8 14. Rad1 Qc7 15.
Nxd7 Qxd7 16. dxc5 Qc6 17. f3 Bxc5 18. Bf2 Red8 19. Ne4 Bxf2+ 20. Rxf2 Nxe4 21.
Bxe4 Rxd1+ 22. Qxd1 Qc7 23. Bxb7 Qxb7 24. Rd2 Qc7 25. Rd7 Qc5+ 26. Kh1 g6 27. g3
Qf2 28. Rd8+ Rxd8 29. Qxd8+ Kg7 30. Qd4+ Qxd4 31. cxd4 Kf6 32. Kg2 Ke7 33. Kf2
Kd6 34. Ke3 Kd5 35. Kd3 h5 36. h3 g5 37. h4 gxh4 38. gxh4 e5 39. dxe5 Kxe5 40.
Ke3 Kf5 41. b4 b5 42. a3 Ke5 43. f4+ Kf5 44. Kf3 f6 45. Ke3 Kg4 46. Ke4 Kxh4 47.
Kf5 Kg3 48. Kxf6 h4 49. f5 h3 50. Ke7 h2 51. f6 h1=Q 52. f7 Qe4+ 53. Kd7 Qf5+
54. Ke7 Qe5+ 55. Kd8 Qf6+ 56. Ke8 Qe6+ 57. Kf8 Kg4 58. Kg7 Qe7 59. Kg8 Qe6 60.
Kg7 Qe5+ 61. Kg8 Qg5+ 62. Kh8 Qh6+ 63. Kg8 Qg6+ 64. Kh8 Qh6+ 65. Kg8 Kf5 66.
f8=Q+ Qxf8+ 67. Kxf8 Ke5 68. Ke7 Kd4 69. Kd6 Kc4 70. Kc6 Kb3 71. Kb6 Kxa3 72.
Kxa6 Kxb4 73. Kb6 Kc4 74. Ka5 b4 75. Ka4 Kc3 76. Kb5 b3 0-1

[Event "Online Olym Div3 E 2020"]
[Site "chess.com INT"]
[Date "2020.07.09"]
[Round "8.3"]
[Board "1"]
[White "Jimenez Garcia, Emmanuel"]
[Black "Husbands, Orlando"]
[Result "0-1"]
[WhiteTitle "FM"]
[BlackTitle "IM"]
[WhiteElo "2397"]
[BlackElo "2324"]
[WhiteTeam "Costa Rica"]
[BlackTeam "Barbados"]
[WhiteFideId "6504779"]
[BlackFideId "11101644"]
[EventDate "2020.07.07"]
[EventType "team"]

1. d4 d5 2. Nc3 Nf6 3. Bf4 a6 4. e3 e6 5. Nf3 c5 6. Bd3 Nc6 7. O-O Be7 8. dxc5
Bxc5 9. e4 d4 10. Ne2 h6 11. e5 Nd5 12. Bg3 Qb6 13. Rb1 O-O 14. a3 Rd8 15. Qd2
Bd7 16. Be4 Be8 17. Rfd1 Rac8 18. Nexd4 Nxd4 19. Nxd4 Ne7 20. c3 Bxd4 21. cxd4
Rc4 22. Qe3 Rcxd4 23. Rxd4 Rxd4 24. h3 Bc6 25. Bxc6 Nxc6 26. Kh2 Qb5 27. f4 Qd5
28. f5 Rd2 29. Rg1 Nd4 30. Kh1 Nxf5 31. Qc3 Kh7 32. Bh2 Rd3 33. Qc2 Rxh3 34. Rd1
Qb3 35. Qb1 Rh4 36. Rd3 Qc4 37. Qd1 Qf4 38. Rh3 Rxh3 39. gxh3 Qe4+ 40. Kg1 Nh4
41. Qg4 Qxg4+ 42. hxg4 Nf3+ 43. Kg2 Nxh2 44. Kxh2 Kg6 45. Kg3 Kg5 46. Kf3 g6 47.
Kg3 h5 48. gxh5 gxh5 0-1

[Event "Online Olym Div3 E 2020"]
[Site "chess.com INT"]
[Date "2020.07.09"]
[Round "8.3"]
[Board "2"]
[White "Del Castilho, Martyn"]
[Black "Duran Vega, Sergio"]
[Result "0-1"]
[WhiteTitle "FM"]
[BlackTitle "IM"]
[WhiteElo "2293"]
[BlackElo "2340"]
[WhiteTeam "Barbados"]
[BlackTeam "Costa Rica"]
[WhiteFideId "11100400"]
[BlackFideId "6501311"]
[EventDate "2020.07.07"]
[EventType "team"]

1. e4 e5 2. Nf3 Nf6 3. Nc3 Nc6 4. Bb5 Bb4 5. O-O O-O 6. Bxc6 dxc6 7. d3 Bg4 8.
h3 Bh5 9. Kh2 Nd7 10. g4 Bg6 11. Be3 Bd6 12. Rg1 Nc5 13. h4 f6 14. Qd2 Ne6 15.
Ne2 c5 16. b3 Nd4 17. Rg3 Qd7 18. Rag1 a5 19. h5 Bf7 20. Nh4 a4 21. Nf5 axb3 22.
cxb3 Be6 23. g5 Bxf5 24. gxf6 g6 25. hxg6 Bxg6 26. Rxg6+ hxg6 27. Rxg6+ Kh8 28.
Rh6+ Kg8 29. Bxd4 Qg4 30. Ng3 Rxf6 31. Rxf6 Qh4+ 32. Kg2 Qxf6 33. Be3 Kf7 34.
Nf5 Rg8+ 35. Kf1 Ra8 36. Bg5 Qg6 37. a4 Ke8 38. Qe3 Kd7 39. Nh4 Qh5 40. Qh3+ Kc6
41. Qe6 Qxg5 42. Qd5+ Kb6 43. Nf3 Qc1+ 44. Ke2 Qc2+ 45. Nd2 Rf8 46. Ke3 Qc1 47.
Ke2 Rxf2+ 48. Kxf2 Qxd2+ 49. Kf3 Qd1+ 50. Kg3 Qe1+ 51. Kf3 Qc3 52. Kg4 Qd4 53.
a5+ Ka6 54. Qg8 Qg1+ 0-1

[Event "Online Olym Div3 E 2020"]
[Site "chess.com INT"]
[Date "2020.07.09"]
[Round "8.3"]
[Board "3"]
[White "Hernandez Alvarez, Tania Regla"]
[Black "Blackman, Katrina"]
[Result "1-0"]
[WhiteTitle "WIM"]
[BlackTitle "WCM"]
[WhiteElo "2041"]
[BlackElo "1701"]
[WhiteTeam "Costa Rica"]
[BlackTeam "Barbados"]
[WhiteFideId "3501442"]
[BlackFideId "11100540"]
[EventDate "2020.07.07"]
[EventType "team"]

1. Nf3 e6 2. b3 f5 3. Bb2 Nf6 4. g3 Be7 5. Bg2 O-O 6. O-O d5 7. c4 c6 8. d3 Qe8
9. Nbd2 Nbd7 10. Qe1 Qg6 11. a3 Ng4 12. b4 Ndf6 13. h3 Nh6 14. Ne5 Qe8 15. e4
fxe4 16. dxe4 Nf7 17. Nxf7 Qxf7 18. e5 Ne8 19. f4 Nc7 20. c5 Bd7 21. Kh2 Qg6 22.
Rc1 Qh6 23. Nf3 Rf5 24. Nd4 Rf7 25. Qe2 Raf8 26. a4 Na6 27. Bc3 Be8 28. Rce1 Qg6
29. Bf3 Qh6 30. Bg4 Bd7 31. Bd2 Nc7 32. f5 Bg5 33. Bxg5 Qxg5 34. fxe6 Rxf1 35.
Rxf1 Rxf1 36. Qxf1 Qd2+ 37. Qg2 Qxg2+ 38. Kxg2 Be8 39. h4 g6 40. Kf3 Na6 41. Nc2
Kf8 42. Ke3 Ke7 43. Kd4 h5 44. Bh3 Nc7 45. Ke3 Nxe6 46. Bxe6 Kxe6 47. Kf4 Bd7
48. Nd4+ Kf7 49. Kg5 Bh3 50. b5 cxb5 51. axb5 Bd7 52. c6 bxc6 53. bxc6 Bc8 54.
Nb5 a5 55. Nd6+ Ke6 56. Nxc8 a4 57. Nb6 a3 58. c7 a2 59. c8=Q+ Kxe5 60. Qh8+ Ke4
61. Kxg6 d4 62. Qa8+ Kd3 63. Qxa2 1-0

[Event "Online Olym Div3 E 2020"]
[Site "chess.com INT"]
[Date "2020.07.09"]
[Round "8.3"]
[Board "4"]
[White "Figueroa, Julissa"]
[Black "Castillo Morales, Thais"]
[Result "0-1"]
[WhiteTitle "WCM"]
[BlackTitle "WIM"]
[WhiteElo "1658"]
[BlackElo "1846"]
[WhiteTeam "Barbados"]
[BlackTeam "Costa Rica"]
[WhiteFideId "7300450"]
[BlackFideId "6507395"]
[EventDate "2020.07.07"]
[EventType "team"]

1. e4 e6 2. d4 d5 3. e5 c5 4. c3 Nc6 5. Nf3 Bd7 6. Be2 Nge7 7. O-O Ng6 8. a3 c4
9. g3 Qb6 10. h4 Na5 11. Nbd2 Nb3 12. Rb1 Ba4 13. Qe1 Ne7 14. Bd1 Nc6 15. Nxb3
Bxb3 16. Bxb3 cxb3 17. Bg5 Na5 18. Nd2 Rc8 19. Qd1 h6 20. Be3 Be7 21. f4 Nc4 22.
Nxc4 Rxc4 23. Qg4 O-O 24. f5 exf5 25. Rxf5 Qg6 26. Qxg6 fxg6 27. Rxf8+ Kxf8 28.
Bd2 Rc6 29. Kf2 a5 30. Ke3 g5 31. hxg5 Bxg5+ 32. Kd3 Bxd2 33. Kxd2 Rg6 34. Rg1
b5 35. Ke3 Rg4 36. Rg2 Ke7 37. Kf3 Rg6 38. Rg1 Rc6 39. Ke3 b4 40. cxb4 axb4 41.
axb4 Rc4 42. Ra1 Rxb4 43. Ra3 h5 44. Kd3 g5 45. Kc3 Rb7 46. Ra8 Ke6 47. Rh8 Kf5
48. Rxh5 Kg4 49. Rh6 Kxg3 50. Rg6 g4 51. e6 Kf3 52. Rf6+ Kg2 53. Rf7 Rb8 54. e7
Re8 55. Kxb3 g3 56. Kb4 Kg1 57. Kc5 g2 58. Kd6 Rh8 59. Rg7 Kf2 60. Rxg2+ Kxg2
61. Kd7 Kf3 62. e8=Q Rxe8 63. Kxe8 Ke4 64. Kd7 Kxd4 65. Kd6 Ke4 66. b4 d4 67. b5
d3 68. b6 d2 69. b7 d1=Q+ 70. Kc7 Qc2+ 71. Kb6 Qb3+ 72. Kc7 Qc4+ 73. Kb6 Qb4+
74. Ka7 Qe7 75. Ka6 Qd6+ 76. Ka7 Qa3+ 77. Kb6 Qb3+ 78. Ka7 Qa4+ 79. Kb6 Qb4+ 80.
Ka7 Qa5+ 81. Kb8 Kd5 82. Kc8 Qc5+ 83. Kd8 Qb6+ 84. Kc8 Qc6+ 85. Kb8 Kc5 86. Ka7
Qa4+ 87. Kb8 Kb6 88. Kc8 Qe8# 0-1

[Event "Online Olym Div3 E 2020"]
[Site "chess.com INT"]
[Date "2020.07.09"]
[Round "8.3"]
[Board "5"]
[White "Valverde Mora, Mauricio"]
[Black "Mahtani, Nitin"]
[Result "1/2-1/2"]
[WhiteElo "1792"]
[BlackElo "1736"]
[WhiteTeam "Costa Rica"]
[BlackTeam "Barbados"]
[WhiteFideId "6515223"]
[BlackFideId "11102870"]
[EventDate "2020.07.07"]
[EventType "team"]

1. c4 c6 2. Nc3 d5 3. cxd5 cxd5 4. d4 Nf6 5. Bf4 Nc6 6. e3 Bf5 7. Qb3 Na5 8.
Bb5+ Bd7 9. Qa4 Nc6 10. Nf3 a6 11. Be2 e6 12. Qc2 Be7 13. h3 O-O 14. O-O Rc8 15.
Ne5 b5 16. a3 Ne4 17. Bd3 f5 18. Bxe4 fxe4 19. Nxc6 Bxc6 20. b4 Be8 21. Qb3 Rc4
22. Rfc1 Bh5 23. Qb2 Qb6 24. Nb1 Rfc8 25. Nd2 R4c6 26. Nb3 Bf6 27. Na5 Rxc1+ 28.
Rxc1 Qd8 29. Rc2 Be8 30. Qc1 Rxc2 31. Qxc2 Bd7 32. Nb7 Qc8 33. Qxc8+ Bxc8 34.
Nd6 Bd7 35. Nb7 Kf7 36. Nc5 Bc8 37. Bd6 h5 38. Kf1 g5 39. Ke2 Kg6 40. f3 exf3+
41. Kxf3 Kf5 42. g4+ hxg4+ 43. hxg4+ Kg6 44. Kf2 Kf7 45. Kf3 Kg6 46. Kf2 Kf7 47.
Kf3 Kg6 1/2-1/2

[Event "Online Olym Div3 E 2020"]
[Site "chess.com INT"]
[Date "2020.07.09"]
[Round "8.3"]
[Board "6"]
[White "Johnson, Azaria"]
[Black "Diaz Charpentier, Kristel Meliss"]
[Result "1/2-1/2"]
[WhiteElo "1383"]
[BlackElo "1898"]
[WhiteTeam "Barbados"]
[BlackTeam "Costa Rica"]
[WhiteFideId "11103825"]
[BlackFideId "6511708"]
[EventDate "2020.07.07"]
[EventType "team"]

1. d4 Nf6 2. c4 e6 3. Nf3 b6 4. Bg5 Bb7 5. e3 Be7 6. Be2 O-O 7. O-O c5 8. Nbd2
d5 9. Rc1 Nc6 10. Nb3 cxd4 11. Nbxd4 Rc8 12. Qd2 Ne4 13. Bxe7 Qxe7 14. Qd1 Rfd8
15. Bd3 Nxd4 16. exd4 f5 17. Qb3 Kh8 18. Rfd1 g5 19. Ne5 g4 20. cxd5 Bxd5 21.
Rxc8 Rxc8 22. Bc4 Rxc4 23. Nxc4 Nd6 24. Rc1 b5 25. Qb4 bxc4 26. b3 Qg5 27. Rc2
Qd8 28. bxc4 Nxc4 29. Rxc4 Bxc4 30. Qxc4 Qb8 31. g3 Qb1+ 32. Kg2 Qb7+ 33. Kf1
Qh1+ 34. Ke2 Qf3+ 35. Kf1 Qh1+ 36. Ke2 Qe4+ 37. Kf1 Qb1+ 38. Kg2 Qb7+ 39. Kg1
Qd7 40. Qb4 Kg7 41. Qc5 Kf7 42. Kf1 Qb7 43. a3 Qb1+ 44. Kg2 Qe4+ 45. Kf1 Qb7 46.
Ke2 a6 47. Qb4 Qf3+ 48. Kf1 Qc6 49. a4 Qh1+ 50. Ke2 Qc6 51. a5 Qc2+ 52. Kf1 Qd3+
53. Kg2 Qe4+ 54. Kf1 Qh1+ 55. Ke2 Qf3+ 56. Kf1 Qd1+ 57. Kg2 Qf3+ 58. Kf1 Qh1+
59. Ke2 Qf3+ 60. Kf1 1/2-1/2

[Event "Online Olym Div3 E 2020"]
[Site "chess.com INT"]
[Date "2020.07.09"]
[Round "8.4"]
[Board "1"]
[White "Guzman, Christopher"]
[Black "Sanchez Alvarez, Roberto Carlos"]
[Result "0-1"]
[WhiteTitle "FM"]
[BlackTitle "IM"]
[WhiteElo "2258"]
[BlackElo "2409"]
[WhiteTeam "Dominican Republic"]
[BlackTeam "Panama"]
[WhiteFideId "6405096"]
[BlackFideId "3508684"]
[EventDate "2020.07.07"]
[EventType "team"]

1. e4 c5 2. Nf3 d6 3. d4 cxd4 4. Nxd4 Nf6 5. Nc3 a6 6. f3 e5 7. Nb3 Be6 8. Be3
Be7 9. Qd2 O-O 10. Nd5 Nxd5 11. exd5 Bf5 12. Na5 Qc7 13. Rc1 b6 14. Nb3 Nd7 15.
c4 a5 16. Be2 Bg6 17. O-O f5 18. Na1 f4 19. Bf2 Nc5 20. Kh1 Bg5 21. Nc2 h6 22.
Bxc5 bxc5 23. Na3 e4 24. Qd1 Rae8 25. Nb5 Qe7 26. Rc3 e3 27. Qe1 Bh4 28. g3 fxg3
29. hxg3 Bf6 30. Ra3 Bxb2 31. Rxa5 Be5 32. Kg2 Qg5 33. Nc7 Rb8 34. Ne6 Qf6 35.
Ra3 Rb1 36. Bd1 e2 37. Qxe2 Rb2 38. Nxf8 Rxe2+ 39. Bxe2 Qxf8 40. f4 Be4+ 41. Kh2
Bd4 42. Bg4 Qb8 43. Rb3 Qa7 44. Be6+ Kh7 45. a3 Qa4 46. Rbf3 Qc2+ 47. Kh3 h5 48.
g4 hxg4+ 49. Bxg4 Bxf3 50. Bxf3 Qxc4 51. Be4+ Kg8 52. Rb1 Kf7 53. Rb7+ Kf6 54.
Rd7 Qf1+ 55. Kg4 Be3 56. Rxd6+ Ke7 57. Re6+ Kd7 58. Bf3 Qg1+ 59. Kf5 Bd4 60. Rg6
Qb1+ 61. Be4 Qf1 62. Bg2 Qd3+ 63. Be4 Qh3+ 64. Rg4 g6+ 65. Kg5 Bf6+ 66. Kxf6
Qxg4 67. Bxg6 Qxf4+ 68. Bf5+ Kd6 69. a4 Qxa4 0-1

[Event "Online Olym Div3 E 2020"]
[Site "chess.com INT"]
[Date "2020.07.09"]
[Round "8.4"]
[Board "2"]
[White "Leon, Orlando"]
[Black "Araujo Sanchez, Josue"]
[Result "0-1"]
[WhiteTitle "FM"]
[BlackTitle "IM"]
[WhiteElo "2220"]
[BlackElo "2337"]
[WhiteTeam "Panama"]
[BlackTeam "Dominican Republic"]
[WhiteFideId "6600913"]
[BlackFideId "6416896"]
[EventDate "2020.07.07"]
[EventType "team"]

1. d4 Nf6 2. Nf3 d5 3. Bf4 c5 4. e3 Nc6 5. c3 Qb6 6. Qb3 c4 7. Qc2 Bg4 8. Nbd2
e6 9. Be2 Be7 10. O-O O-O 11. h3 Bf5 12. Qc1 h6 13. b3 cxb3 14. axb3 Rfc8 15.
Qb2 Nb4 16. Ne5 Nc6 17. Rfc1 Nxe5 18. Bxe5 Ne4 19. Nxe4 Bxe4 20. Qa2 Rc6 21. c4
Bb4 22. Qb2 Qd8 23. c5 a5 24. Bb5 Rcc8 25. Ra4 Qg5 26. Bg3 Qg6 27. Rca1 h5 28.
h4 Bd3 29. Bxd3 Qxd3 30. Qa2 Ra6 31. Qb1 Qxb1+ 32. Rxb1 Rac6 33. Ra2 b6 34. cxb6
Rxb6 35. Bf4 Rbc6 36. Kh2 f6 37. Kg3 Kf7 38. Kf3 Kg6 39. Bg3 Kf5 40. Bf4 Rc2 41.
Rbb2 R2c3 42. Rb1 e5 43. dxe5 fxe5 44. Bg5 e4+ 45. Kg3 d4 46. Kh2 Bd6+ 47. g3 d3
48. Rxa5+ Kg4 49. Kg2 R8c5 50. Rxc5 Bxc5 51. b4 Bb6 52. b5 Kf5 53. Be7 Rc2 54.
Bb4 Bxe3 55. Ba5 Rxf2+ 56. Kh3 Ra2 57. Bc7 Bc5 58. b6 e3 59. b7 Ba7 60. b8=Q
Bxb8 61. Bxb8 e2 62. Bf4 d2 63. Rb5+ Ke4 64. Re5+ Kf3 0-1

[Event "Online Olym Div3 E 2020"]
[Site "chess.com INT"]
[Date "2020.07.09"]
[Round "8.4"]
[Board "3"]
[White "Castillo Pena, Patricia Evarista"]
[Black "Barria Baker, Raisa Melissa"]
[Result "1/2-1/2"]
[WhiteTitle "WCM"]
[BlackTitle "WFM"]
[WhiteElo "1770"]
[BlackElo "1955"]
[WhiteTeam "Dominican Republic"]
[BlackTeam "Panama"]
[WhiteFideId "6412106"]
[BlackFideId "6600336"]
[EventDate "2020.07.07"]
[EventType "team"]

1. d4 d5 2. Nf3 Nf6 3. e3 Bg4 4. c4 c6 5. Nc3 e6 6. Qb3 Qb6 7. Ne5 Nbd7 8. Nxg4
Nxg4 9. Be2 Ngf6 10. Qc2 Be7 11. O-O O-O 12. Bd2 Rac8 13. c5 Qc7 14. b4 e5 15.
Rfc1 h5 16. h3 e4 17. a4 g6 18. b5 Kg7 19. a5 Rce8 20. b6 axb6 21. axb6 Qc8 22.
Ra7 Nh7 23. Rca1 Ndf6 24. R1a3 Ng5 25. Bf1 h4 26. Qa2 Ng4 27. Nxd5 cxd5 28. Qxd5
Rd8 29. Qxb7 Qf5 30. hxg4 Qxg4 31. Qxe7 h3 32. Qe5+ Kg8 33. Qg3 h2+ 34. Kxh2
Qh5+ 35. Kg1 Ne6 36. b7 Rb8 37. c6 Qd5 38. c7 Rxb7 39. Rxb7 Qxb7 40. Rc3 Rc8 41.
Qe5 Qb2 42. d5 Nf8 43. d6 Qxd2 44. Qf6 Qd1 45. Qe7 Kg7 46. Qe5+ Kg8 47. Qe7 Qd2
48. Rc4 Qd5 1/2-1/2

[Event "Online Olym Div3 E 2020"]
[Site "chess.com INT"]
[Date "2020.07.09"]
[Round "8.4"]
[Board "4"]
[White "Rondon Chacon, Yolys Desiree"]
[Black "Diaz Cesar, Wilsaida Pieranlly"]
[Result "1-0"]
[BlackTitle "WFM"]
[WhiteElo "1707"]
[BlackElo "1867"]
[WhiteTeam "Panama"]
[BlackTeam "Dominican Republic"]
[WhiteFideId "3903508"]
[BlackFideId "6403557"]
[EventDate "2020.07.07"]
[EventType "team"]

1. d4 d5 2. Nf3 Nf6 3. g3 e6 4. Bg2 Be7 5. O-O O-O 6. c4 c6 7. Nc3 b6 8. Bf4 Bb7
9. cxd5 exd5 10. Rc1 Nbd7 11. a3 a5 12. Re1 Rc8 13. Bh3 Ra8 14. Qc2 Re8 15. Na4
c5 16. dxc5 bxc5 17. Ne5 Nxe5 18. Bxe5 c4 19. Red1 Bf8 20. Bxf6 Qxf6 21. Bg2
Rad8 22. e3 Re6 23. Nc3 Red6 24. Ne2 g5 25. Nd4 Bg7 26. Qa4 Qg6 27. Qxa5 Ra6 28.
Qxd8+ 1-0

[Event "Online Olym Div3 E 2020"]
[Site "chess.com INT"]
[Date "2020.07.09"]
[Round "8.4"]
[Board "5"]
[White "Mesa Cruz, Juan Carlos"]
[Black "Batista Rosas, Nicolas Arturo"]
[Result "1-0"]
[WhiteElo "1978"]
[BlackElo "1654"]
[WhiteTeam "Dominican Republic"]
[BlackTeam "Panama"]
[WhiteFideId "6423400"]
[BlackFideId "6607918"]
[EventDate "2020.07.07"]
[EventType "team"]

1. e4 c6 2. Nc3 d5 3. Nf3 Bg4 4. exd5 cxd5 5. h3 Bxf3 6. Qxf3 Nf6 7. g4 e6 8.
Bg2 Nc6 9. O-O Bd6 10. Ne2 Qc7 11. d4 O-O-O 12. Bg5 h5 13. gxh5 Rdg8 14. Ng3
Nxd4 15. Qd3 Bxg3 16. fxg3 Nxh5 17. Qxd4 Nxg3 18. Rf2 Nf5 19. Qxa7 Kd7 20. Qa4+
Kc8 21. Bf4 Qb6 22. c4 g5 23. Be5 Rh4 24. Qa8+ Kd7 25. Qxg8 Rxc4 26. Qxf7+ Ne7
27. Bf6 Qc5 28. Bxg5 b5 29. Re1 Qd6 30. Qxe7+ Qxe7 31. Bxe7 Kxe7 32. Bxd5 1-0

[Event "Online Olym Div3 E 2020"]
[Site "chess.com INT"]
[Date "2020.07.09"]
[Round "8.4"]
[Board "6"]
[White "Vasquez Jaen, Lourdes Lorena"]
[Black "Sanchez Marcelino, Jennifer"]
[Result "1-0"]
[WhiteElo "1539"]
[BlackElo "1614"]
[WhiteTeam "Panama"]
[BlackTeam "Dominican Republic"]
[WhiteFideId "6605559"]
[BlackFideId "6420176"]
[EventDate "2020.07.07"]
[EventType "team"]

1. e4 e5 2. Nf3 Nc6 3. d4 exd4 4. Nxd4 Qf6 5. Be3 Bc5 6. c3 Nge7 7. Bc4 d6 8.
O-O O-O 9. f4 Nxd4 10. cxd4 Bb6 11. Nc3 Be6 12. e5 dxe5 13. fxe5 Qh4 14. Rf4 Qg5
15. Bxe6 Ng6 16. Rf3 Qe7 17. Bb3 h6 18. Nd5 Qd7 19. Nxb6 axb6 20. Qe1 Rad8 21.
Qf2 Qe7 22. Rf1 Rd7 23. Qg3 c6 24. Qxg6 Kh8 25. Rxf7 Rxf7 26. Qxf7 Qd8 27. Qf8+
Qxf8 28. Rxf8+ Kh7 29. Rf7 Rd8 30. Rxb7 b5 31. Rc7 Rb8 32. Rxc6 Rb7 33. e6 Re7
34. Rd6 Kg6 35. Rd7 Re8 36. Bf4 Kf6 37. Bd6 Kg5 38. e7 Kf6 39. Rd8 Rxe7 40.
Bxe7+ Kxe7 41. Rb8 1-0

[Event "Online Olym Div3 E 2020"]
[Site "chess.com INT"]
[Date "2020.07.09"]
[Round "8.5"]
[Board "1"]
[White "Gavarrete, Nahun"]
[Black "Alfaro, William"]
[Result "1/2-1/2"]
[WhiteTitle "FM"]
[BlackTitle "FM"]
[WhiteElo "2359"]
[BlackElo "2135"]
[WhiteTeam "Honduras"]
[BlackTeam "Nicaragua"]
[WhiteFideId "8400709"]
[BlackFideId "6100457"]
[EventDate "2020.07.07"]
[EventType "team"]

1. d4 Nf6 2. c4 c5 3. Nf3 cxd4 4. Nxd4 g6 5. Nc3 Bg7 6. g3 O-O 7. Bg2 Nc6 8. Nc2
d6 9. O-O Qa5 10. Qd2 Qh5 11. Qg5 Qxg5 12. Bxg5 Be6 13. Nd5 Bxd5 14. cxd5 Ne5
15. Rac1 Rac8 16. b3 Rc5 1/2-1/2

[Event "Online Olym Div3 E 2020"]
[Site "chess.com INT"]
[Date "2020.07.09"]
[Round "8.5"]
[Board "2"]
[White "Rocha, Maximiliano"]
[Black "Urbina, Ricardo"]
[Result "1-0"]
[WhiteTitle "FM"]
[BlackTitle "IM"]
[WhiteElo "2116"]
[BlackElo "2212"]
[WhiteTeam "Nicaragua"]
[BlackTeam "Honduras"]
[WhiteFideId "6100775"]
[BlackFideId "8400253"]
[EventDate "2020.07.07"]
[EventType "team"]

1. e4 e5 2. Nf3 Nc6 3. Bc4 Nf6 4. d3 Bc5 5. c3 d6 6. O-O O-O 7. Bg5 h6 8. Be3
Bb6 9. a4 d5 10. exd5 Nxd5 11. Bxb6 axb6 12. Re1 Qd6 13. d4 exd4 14. Nxd4 Nf4
15. Nb5 Qxd1 16. Rxd1 Bg4 17. f3 Be6 18. Nd2 Rad8 19. g3 Bxc4 20. Nxc4 Ne6 21.
f4 g6 22. Ne3 Na5 23. f5 gxf5 24. Nxf5 Kh7 25. Nbd4 Nc4 26. b3 Ne5 27. Kg2 Ng4
28. Re1 Nxd4 29. Nxd4 c5 30. Nf3 Rd3 31. h3 Ne3+ 32. Kf2 Nc2 33. Red1 Nxa1 34.
Rxd3 Nxb3 35. Rd6 Ra8 36. Rxb6 Rxa4 37. Rxb3 Ra2+ 38. Ke3 Rg2 39. g4 Rg3 40.
Rxb7 Rxh3 41. Rxf7+ Kg6 42. Rc7 h5 43. Rc6+ Kf7 44. Kf4 hxg4 45. Ng5+ Kg7 46.
Nxh3 gxh3 47. Kg3 1-0

[Event "Online Olym Div3 E 2020"]
[Site "chess.com INT"]
[Date "2020.07.09"]
[Round "8.5"]
[Board "3"]
[White "Figueroa, Any"]
[Black "Granados Diaz, Maria Esther"]
[Result "0-1"]
[BlackTitle "WIM"]
[WhiteElo "1610"]
[BlackElo "1839"]
[WhiteTeam "Honduras"]
[BlackTeam "Nicaragua"]
[WhiteFideId "8402817"]
[BlackFideId "6101488"]
[EventDate "2020.07.07"]
[EventType "team"]

1. Nf3 Nf6 2. d4 d6 3. g3 g6 4. Bg2 Bg7 5. O-O O-O 6. c4 Nbd7 7. Nc3 c5 8. dxc5
Nxc5 9. Re1 Bd7 10. e4 Bc6 11. Nd4 Bd7 12. Be3 a5 13. Rc1 Ne6 14. Nf3 Bc6 15.
Nd4 Nxd4 16. Bxd4 Rc8 17. Nd5 Nxd5 18. exd5 Bd7 19. Bxg7 Kxg7 20. Qd4+ Kg8 21.
Re3 b5 22. b3 a4 23. Rce1 axb3 24. axb3 Re8 25. Qh4 bxc4 26. bxc4 e5 27. Qxd8
Rexd8 28. Bf1 Rc7 29. Ra3 Rb8 30. Ra6 f5 31. Rxd6 e4 32. Ra6 g5 33. Rea1 f4 34.
gxf4 gxf4 35. Ra8 Rxa8 36. Rxa8+ Kf7 37. Ra5 Rb7 38. c5 Rb1 39. c6 Bh3 40. c7
Rxf1# 0-1

[Event "Online Olym Div3 E 2020"]
[Site "chess.com INT"]
[Date "2020.07.09"]
[Round "8.5"]
[Board "4"]
[White "Martinez Orozco, Cristiana Yorlene"]
[Black "Torres Hernandez, Leslie Carolin"]
[Result "0-1"]
[BlackTitle "WFM"]
[WhiteElo "1450"]
[BlackElo "1884"]
[WhiteTeam "Nicaragua"]
[BlackTeam "Honduras"]
[WhiteFideId "6107079"]
[BlackFideId "8400504"]
[EventDate "2020.07.07"]
[EventType "team"]

1. d4 Nf6 2. Nf3 d5 3. c4 c6 4. cxd5 cxd5 5. Nc3 Nc6 6. Bg5 e6 7. e3 a6 8. Bd3
Be7 9. O-O h6 10. Bh4 b5 11. a3 Bd7 12. Qc2 Na5 13. Rac1 Rc8 14. b4 Nc4 15. Qa2
Qb6 16. h3 O-O 17. Bg3 Nh5 18. Bh2 Bd6 19. Bxd6 Qxd6 20. Rc2 Rc7 21. Rfc1 Rfc8
22. Ne2 Nf6 23. Ng3 Nxe3 24. Rxc7 Rxc7 25. Rxc7 Qxc7 26. fxe3 Qxg3 27. Qf2 Qc7
28. Qb2 Ne8 29. Ne5 Bc8 30. Qc2 Qxc2 31. Bxc2 Nd6 32. Kf2 Nc4 33. Nxc4 dxc4 34.
g3 Kf8 35. Kf3 Ke7 36. e4 Bb7 37. Ke3 Kd6 38. h4 f6 39. g4 Bc6 40. h5 Be8 41.
Bd1 Bd7 42. Kd2 f5 43. exf5 exf5 44. gxf5 Bxf5 45. a4 Kd5 46. Kc3 Be4 47. axb5
axb5 48. Bg4 Kd6 49. Be2 Ke6 50. Bg4+ Bf5 51. Bf3 Kd6 52. Be2 Bd7 53. Bf3 Ke7
54. Be4 Kf6 55. d5 Ke5 56. Bf3 Be8 57. Bg4 Kxd5 58. Bf3+ Ke5 59. Bd1 g5 60. hxg6
Bxg6 61. Bf3 Be8 62. Kd2 Kd4 63. Kc2 c3 0-1

[Event "Online Olym Div3 E 2020"]
[Site "chess.com INT"]
[Date "2020.07.09"]
[Round "8.5"]
[Board "5"]
[White "Miller, Marlon"]
[Black "Espinoza Solano, Jose Nahum"]
[Result "0-1"]
[WhiteTitle "FM"]
[WhiteElo "2092"]
[BlackElo "2082"]
[WhiteTeam "Honduras"]
[BlackTeam "Nicaragua"]
[WhiteFideId "8400555"]
[BlackFideId "6104428"]
[EventDate "2020.07.07"]
[EventType "team"]

1. c4 Nf6 2. g3 g6 3. Bg2 Bg7 4. Nc3 O-O 5. e3 e5 6. Nge2 d6 7. O-O Nbd7 8. Rb1
a5 9. a3 Nc5 10. d4 Ne6 11. b4 axb4 12. axb4 Nh5 13. b5 f5 14. f4 e4 15. Nd5 Nf6
16. Bd2 Rf7 17. Qc2 h5 18. h4 Ng4 19. Rfc1 c5 20. bxc6 bxc6 21. Nb6 Rb8 22. Nxc8
Qxc8 23. Bh3 Nf6 24. Rxb8 Qxb8 25. Rb1 Rb7 26. Nc3 Kf7 27. Bf1 Rxb1 28. Qxb1
Qxb1 29. Nxb1 Ke7 30. Be2 c5 31. d5 Nc7 32. Bc3 Nfe8 33. Kf2 Na6 34. Ke1 Bxc3+
35. Nxc3 Nec7 36. Kd2 Nb4 37. Kc1 Na8 38. Na4 Kd7 39. Kb2 Kc7 40. Kc3 Nb6 41.
Nxb6 Kxb6 42. Bd1 Kc7 43. Ba4 Kd8 44. Bc2 Ke7 45. Bb1 Kd8 46. Kb3 Kc7 47. Kc3
Kb6 48. Bc2 Ka5 49. Bd1 Nd3 50. Kd2 Kb4 51. Bc2 Nb2 52. Ke2 Nxc4 53. Bd1 Nb2 54.
Bc2 Nc4 55. g4 hxg4 56. Bxe4 fxe4 57. f5 gxf5 58. h5 Ne5 0-1